000 01556nam a2200361 c 4500
003 BLK
005 20230814174016.0
008 180408b bul|||||r ||||||| ||bul||
010 _aKNG00098194000
020 _a978-954-677-053-0
_bиздат.: Found. for Bulg. literature
040 _aBLK
041 _aBUL
_cBUL
072 7 _2bullib
_aН83
_xЧужда художествена литература Н
080 _aЛатинска (римска) литература
_b821.124
_x-3
_z821.124-3
100 1 _aЕлиан, Клавдий
_eпърви автор
_9305421
700 1 _aШаранков, Николай
_eпрев. от старогр.
_9305422
700 1 _aПанова, Невена
_eпрев. от старогр.
_9371727
139 _aЕлиан, Клавдий
_bЕ 51
245 1 0 _aШарени истории
_cКлавдий Елиан; прев. от старогр. Николай Шаранков; прев. от старогр. Невена Панова.
257 _aDRR
260 София
_bFound. for Bulg. literature
_c2009
_fСофия : Симолини
300 _a288 с.
_bс ил.
_c21 см
380 _aX
490 1 _aКолекция Архетип
500 _aПрев. според Varia Historia ex recognitione Rudolphi Hercheri / Claudii Aeliani. - Именен показалец.
659 _aН
852 _aЦб 249930
856 4 _qpdf
_u
856 4 _qpdf
_u
942 _cKNG
_n0
_04
944 _aCR
_c18.11.2010
_k30576
_lЦветомила Тодорова
944 _aED
_c03.02.2011
_k
999 _c93398
_d93398